The Da Vinci Code

Bibliographic Details
Main Author: Brown, Dan
Format: Book
Published: London : Corgi Books , 2003
Subjects:

MARC

LEADER 00000cam a2200000 7i4500
001 0000008493
005 20080828.0
008 070917
020 |a 0552149519 
090 0 0 |a BRO   |b ENG 
100 1 |a Brown, Dan 
245 1 4 |a The Da Vinci Code   |c Dan Brown 
260 |a London :   |b Corgi Books ,   |c 2003 
650 0 |a Cryptographers   |x fiction 
650 0 |a Religious articles   |x fiction 
999 |a 0000992426   |b Book   |c Adult Collection   |e Perbadanan Perpustakaan Awam Johor 
999 |a 0000992427   |b Book   |c Adult Collection   |e Perbadanan Perpustakaan Awam Johor 
999 |a 0001036686   |b Book   |c Adult Collection   |e Perbadanan Perpustakaan Awam Johor